• 首页
  • 本馆介绍
  • 公告通知
  • 最新文献
  • 馆藏检索
  • 电子资源
  • 读者导购
  • 参考咨询
  • 我的图书馆
  • 登录
  • 详细信息显示
  • 放入我的书架
  • 预约/预借图书
  • 作者相关作品
  • 分类相关作品
  • 丛书相关作品
  • 出版社相关作品

书目信息

  • 表格格式
  • 工作单格式
  • 卡片格式
题名:
小说创作经验谈
    
 
作者: 王效天 编
分册:  
出版信息: 南京   江苏人民出版社  1981
页数: 214页
开本: 19cm
丛书名:
单 册:
中图分类: I054 , I04
科图分类:
主题词: 小说-创作方法 , 创作方法-小说 , 文学创作--写作学 , 文学创作--创作方法
电子资源:
ISBN:
000 00691nam0 2200265 450
001 1571691859
005 20150124195524.81
010    @dCNY0.63
091    @a10100.443
100    @a19950705d1981 em y0chiy0110 ea
101 0  @achi
102    @aCN@b320000
105    @ay z 000zy
200 1  @a小说创作经验谈@9xiao shuo chuang zuo jing yan tan@f王效天编
210    @a南京@c江苏人民出版社@d1981
215    @a214页@d19cm
606 0  @a小说-创作方法
606 0  @a创作方法-小说
606 0  @a文学创作@x写作学
606 0  @a文学创作@x创作方法
690    @aI054@v5
690    @aI04@v4
701  0 @a王效天@9wang xiao tian@4编
801  0 @aCN@bTSSF@c20150124
905    @aZUCC@dI04@eJY15
    
    小说创作经验谈/王效天编.-南京:江苏人民出版社,1981
    214页;19cm
    
    
    ISBN :CNY0.63
    
●
相关链接 在E读中查询图书 在五车中查询图书 在当当中查询图书 在豆瓣中查询图书


正题名:小说创作经验谈     索取号:I04/JY15         预约/预借

序号 登录号 条形码 馆藏地/架位号 状态 备注
1 7855414   278554146   学院路分馆/ [索取号:I04/JY15] 在馆    
唐山师范学院图书馆 欢迎您!
大连网信软件有限公司© 版权所有